Advanced engineering mathematics (Record no. 7891)

000 -LEADER
fixed length control field 00682 a2200217 4500
020 ## - INTERNATIONAL STANDARD BOOK NUMBER
International Standard Book Number 9780763745912
020 ## - INTERNATIONAL STANDARD BOOK NUMBER
International Standard Book Number 076374591X
020 ## - INTERNATIONAL STANDARD BOOK NUMBER
International Standard Book Number 9780763739140
020 ## - INTERNATIONAL STANDARD BOOK NUMBER
International Standard Book Number 0763739146
040 ## - CATALOGING SOURCE
Original cataloging agency DLC
Language of cataloging DLC
082 00 - DEWEY DECIMAL CLASSIFICATION NUMBER
Classification number 510.2462
100 1# - MAIN ENTRY--PERSONAL NAME
Personal name Zill, Dennis G.,
245 10 - TITLE STATEMENT
Title Advanced engineering mathematics
Statement of responsibility, etc. Dennis G. Zill, Michael R. Cullen.
250 ## - EDITION STATEMENT
Edition statement 3rd ed.
260 ## - PUBLICATION, DISTRIBUTION, ETC.
Place of publication, distribution, etc. Sudbury, Mass. :
Name of publisher, distributor, etc. Jones and Bartlett Publishers,
Date of publication, distribution, etc. c2006.
300 ## - PHYSICAL DESCRIPTION
Extent xxxiii, 929, 14, 49, 23 p. :
Other physical details ill. (some col.) ;
Dimensions 29 cm.
500 ## - GENERAL NOTE
General note Includes bibliographical references and index.
650 #0 - SUBJECT ADDED ENTRY--TOPICAL TERM
Topical term or geographic name entry element Engineering mathematics.
700 1# - ADDED ENTRY--PERSONAL NAME
Personal name Cullen, Michael R.
942 ## - ADDED ENTRY ELEMENTS (KOHA)
Koha item type Book
Call number prefix 510.2462 ZIL
Source of classification or shelving scheme
Holdings
Withdrawn status Lost status Damaged status Not for loan Collection code Permanent Location Current Location Shelving location Date acquired Source of acquisition Cost, normal purchase price Total Checkouts Total Renewals Full call number Barcode Date last seen Date last checked out Price effective from Koha item type Checked out
          Central Library (CL) Central Library (CL) General Stacks 06/01/2007 Allied Book Company 2475.05 7 6 510.2462 ZIL SEECS008533 12/24/2025 12/12/2025 01/05/2017 Book  
          Central Library (CL) Central Library (CL) General Stacks 10/16/2009 Star Books 587.43 6 3 510.2462 ZIL SEECS009629 07/24/2022 04/09/2022 01/05/2017 Book  
          Central Library (CL) Central Library (CL) General Stacks 10/16/2009 Star Books 587.43 7 1 510.2462 ZIL SEECS009630 10/24/2024 10/24/2024 01/05/2017 Book 11/23/2024
© 2023 Central Library, National University of Sciences and Technology. All Rights Reserved.